AH International Schools' Libraries

Above and Below: Sea and Shore / (Record no. 49037)

MARC details
000 -LEADER
fixed length control field 00357nam a22001217a 4500
008 - FIXED-LENGTH DATA ELEMENTS--GENERAL INFORMATION
fixed length control field 250723b |||||||| |||| 00| 0 eng d
020 ## - INTERNATIONAL STANDARD BOOK NUMBER
International Standard Book Number 9781838911782
100 ## - MAIN ENTRY--PERSONAL NAME
Personal name Harriet Evans
9 (RLIN) 86407
245 ## - TITLE STATEMENT
Title Above and Below: Sea and Shore /
260 ## - PUBLICATION, DISTRIBUTION, ETC. (IMPRINT)
Place of publication, distribution, etc London
Name of publisher, distributor, etc 360 Degrees
Date of publication, distribution, etc 2021
300 ## - PHYSICAL DESCRIPTION
Extent 22 pages
Other physical details col. ill.
Dimensions 12.32 x 0.47 x 9.29 inches
942 ## - ADDED ENTRY ELEMENTS (KOHA)
Source of classification or shelving scheme
Koha item type Book
Holdings
Withdrawn status Lost status Source of classification or shelving scheme Damaged status Not for loan Collection code Home library Current library Shelving location Date acquired Full call number Barcode Date last seen Price effective from Koha item type
          Non-Fiction Asian Hope Siem Reap Asian Hope Siem Reap Non Fiction 07/23/2025 551.46 EVA 209045 07/23/2025 07/23/2025 Book

For any Logos Library related questions please contact Miss Art at swongnarasuk@asianhope.org.

For any Asian Hope Library related questions please contact Miss Raza at graza@asianhope.org.

Powered by Koha